All Canadian cities with >100k population - Statistics

General Stats
  • This quiz has been taken 32 times
  • The average score is 26 of 54
Answer Stats
State Cities Population % Correct
Ontario Toronto 2,600,000
100%
Alberta Calgary 1,019,942
97%
Quebec Montreal 1,600,000
97%
Alberta Edmonton 712,391
93%
Ontario Ottawa 812,129
93%
British Columbia Vancouver 600,000
93%
Nova Scotia Halifax 359,111
86%
Ontario London 346,765
86%
Manitoba Winnipeg 632,063
86%
Ontario Mississauga 668,549
79%
Quebec Quebec 528,595
79%
Saskatchewan Saskatoon 198,958
79%
Saskatchewan Regina 176,183
76%
British Columbia Victoria 289,625
69%
Ontario Windsor 278,013
69%
Ontario Hamilton 519,949
66%
British Columbia Richmond 182,000
66%
British Columbia Kelowna 125,109
62%
Ontario Kitchener 233,700
62%
Quebec Laval 376,845
62%
British Columbia Surrey 394,976
62%
British Columbia Burnaby 202,799
59%
British Columbia Abbotsford 151,683
48%
Ontario Brampton 433,806
48%
Quebec Gatineau 242,124
48%
Ontario Kingston 114,195
48%
Ontario Greater Sudbury 157,857
45%
Quebec Sherbrooke 129,447
45%
Quebec Trois-Rivières 119,693
45%
Ontario Barrie 182,041
41%
Ontario Markham 261,573
41%
Ontario Oshawa 247,989
41%
Ontario Vaughan 238,866
41%
Ontario Guelph 115,760
34%
Ontario Richmond Hill 185,541
34%
British Columbia Coquitlam 114,565
31%
Ontario Cambridge 120,372
28%
British Columbia Delta 101,668
28%
Ontario St. Catharines 131,989
28%
Quebec Longueuil 229,330
24%
Ontario Oakville 165,697
24%
Nova Scotia Sydney 105,968
24%
Ontario Burlington 164,415
21%
Quebec Lévis 126,396
21%
Quebec Saguenay 143,692
21%
Nova Scotia Dartmouth 101,343
10%
Ontario Etobicoke 347,948
10%
Ontario Scarborough 600,000
10%
Ontario North York 636,000
7%
British Columbia Anmore 126,456
0%
Ontario East York 115,365
0%
British Columbia Ladner 200,000
0%
Ontario Nepean 180,000
0%
British Columbia Okanagan 297,601
0%
No matching quizzes found
Score Distribution
Percent of People with Each Score
Percentile by Number Answered
Your Score History
You have not taken this quiz